000
00289nam a22001217a 4500
008
181022b xxu||||| |||| 00| 0 eng d
041
_a
eng
080
_2
3rd
_a
620
100
_a
37
101
_a
MEK
245
_a
Introductory Soil Mechanics and Foundations
_c
Sowers,G.B
942
_2
udc
_c
BK
999
_c
50432
_d
50432